Autoritarismo y alternativas populares en América Latina /
Los artículos de este libro Autoritarismo y Alternativas Populares en América Latina permiten por una parte comprender la lógica y la dinámica del pensamiento neoconservador, sus postulados políticos y su intento de transformarse en una alternativa hegemónica. Por otra parte, visualizar algunas de...
Na minha lista:
| Autor principal: | |
|---|---|
| Autor Corporativo: | |
| Outros Autores: | , , , , , , , |
| Formato: | Texto |
| Idioma: | Spanish |
| Publicado em: |
San José, Costa Rica:
FLACSO
1982
|
| Assuntos: | |
| Tags: |
Adicionar Tag
Sem tags, seja o primeiro a adicionar uma tag!
|
MARC
| LEADER | 00000 a a2200000 04500 | ||
|---|---|---|---|
| 001 | 25722 | ||
| 003 | cru CIDCACS/IIS | ||
| 005 | 20230605085413.0 | ||
| 008 | 190624b1982 CR ||||| |||| 00| 0 spa d | ||
| 020 | |a 84-89401-01-2 | ||
| 040 | |c cru CIDCACS/IIS | ||
| 090 | |a 03.03.01 C172a | ||
| 100 | 1 | |9 2967 |a Camacho Monge, Daniel | |
| 110 | |a FLACSO | ||
| 245 | |a Autoritarismo y alternativas populares en América Latina / |c Francisco Rojas Aravena, editor; Daniel Camacho; Angles Flisfisch y otros | ||
| 260 | |a San José, Costa Rica: |b FLACSO |c 1982 | ||
| 300 | |a 217 páginas |b il. | ||
| 520 | |a Los artículos de este libro Autoritarismo y Alternativas Populares en América Latina permiten por una parte comprender la lógica y la dinámica del pensamiento neoconservador, sus postulados políticos y su intento de transformarse en una alternativa hegemónica. Por otra parte, visualizar algunas de las características que pueden asumir y los proyectos políticos que postula el movimiento, popular, bajo regímenes autoritarios; a partir del análisis de una experiencia concreta: la chilena. Los trabajos incluidos en este trabajo son los siguientes: Introducción: El pensamiento sociológico y la realidad latinoamericana por Daniel Camacho. El proyecto neoconservador y la democracia por Norber Lechner. Ideología legitimación y disciplinamientos: nueve argumentos por José Joaquín Brunner. La polis censitaria: la política y el mercado por Angel Flisfisch. Transformación social y refundación política en el capitalismo política en el capitalismo autoritario por Manuel Antonio Garretón | ||
| 650 | 0 | |9 4430 |a AUTORITARISMO | |
| 650 | 0 | |9 83 |a DEMOCRACIA | |
| 650 | 0 | |9 376 |a INTEGRACION CENTROAMERICANA | |
| 650 | 0 | |9 1428 |a IDEOLOGIAS | |
| 650 | 0 | |9 82 |a LIBERALISMO | |
| 650 | 0 | |9 5347 |a MIEDO | |
| 700 | 1 | |9 8424 |a Flisfisch, Angel | |
| 700 | 1 | |9 5746 |a Varas, Augusto | |
| 700 | 1 | |9 1464 |a Lechner, Norbert |d 1939- | |
| 700 | 1 | |9 331 |a Garretón, Manuel Antonio | |
| 700 | 1 | |9 8425 |a Portales, Carlos | |
| 700 | 1 | |9 8426 |a Brunner, José Joaquín | |
| 700 | 1 | |9 8427 |a Moulian, Tomás | |
| 700 | 1 | |9 448 |a Rojas Aravena, Francisco | |
| 942 | |2 ddc |c LI |h 03.03.01 C172a |i 17735 |6 030301_C172A_17735 | ||
| 999 | |c 11509 |d 11509 | ||



